000 00315nam a22001217a 4500
008 160506b xxu||||| |||| 00| 0 eng d
020 _a00778923598
020 _a0897666054
041 _aeng
080 _a61
245 _aAtherosclerosis recent progress in atherosclerosis research:
942 _2udc
_cBK
999 _c1855
_d1855